000 00226nam a2200097Ia 4500
008 190216s9999||||xx |||||||||||||| ||und||
100 _aBabu Joseph
245 0 _aAnukenthriya Shakthi
260 _bKerala Basha Inst
942 _cBK
999 _c37922
_d37922